000 00254nam a22000857a 4500
008 170605b xxu||||| |||| 00| 0 eng d
100 _93269
_aMittal .V
245 _aLets Discover: The environment around us bookworm
260 _aNew Delhi
_bArya publication
_c2004
999 _c6583
_d6583